Top 50 most popular manga of all time - Statistics

General Stats
  • This quiz has been taken 659 times
  • The average score is 14 of 50
Answer Stats
Position Year(s) Answer % Correct
9 1997-?? One Piece
96%
23 1999-2014 Naruto
89%
25 2001-2016 Bleach
76%
1 2009-2021 Attack on Titan
72%
5 2016-2020 Demon Slayer
70%
27 1998-??(Hiatus) Hunter x Hunter
68%
7 1989-??(Hiatus) Berserk
66%
8 2018-?? Jujutsu Kaisen
66%
4 2014-?? My Hero Academia
62%
22 2003-2006 Death Note
53%
37 2001-2010 Fullmetal Alchemist
50%
2 2018-2020 Chainsaw Man
47%
30 2004-2011 JoJo's Bizarre Adventure:Steel Ball Run
45%
34 1999-2003 JoJo's Bizarre Adventure:Stone Ocean
45%
12 2012-?? One Punch Man
39%
6 2011-2014 Tokyo Ghoul
39%
20 1999-??(Hiatus) Vagabond
38%
19 2012-2020 Haikyuu!!
35%
26 2015-?? Black Clover
33%
49 2006-2017 Fairy Tail
33%
32 1994-2001 Monster
30%
18 2005-?? Vinland Saga
30%
43 2018-?? Blue Lock
29%
15 2017-?? Tokyo Revengers
27%
29 2017-?? Dr.STONE
19%
13 2019-?? SPYxFAMILY
19%
10 2016-2020 The Promised Neverland
19%
39 1999-2006 20th Century Boys
16%
17 2015-?? Love is War
14%
46 2012-2020 The Seven Deadly Sins
14%
11 2007-2013 Goodnight Punpun
13%
3 2018-2021 Solo Leveling
11%
47 2010-?? Noragami
7%
21 2013-2014 A Silent Voice
6%
50 2014-?? Grand Blue
6%
14 2011-2021 Horimiya
6%
16 2016-?? Komi can't communicate
4%
33 1998-1999 Uzumaki
4%
41 2000-2018 Dorohedoro
3%
24 2014-2018 Tokyo Ghoul:re
3%
40 2017-?? Blue Period
2%
31 2017-?? Don't Toy With Me, Miss Nagatoro
2%
44 2017-?? Rent A Girlfriend
2%
36 2017-2020 The Quintessential Quintuplets
2%
28 2010-?? Tower of God
2%
42 2014-2017 Bastard
1%
48 2011-2016 Nisekoi
1%
45 2016-2017 Jumyou wo Kaitotte Moratta. Ichinen ni Tsuki Ichimanen de
0%
35 2018-?? The Way of the Househusband
0%
38 2014-?? Toilet-Bound Hanako-kun
0%
No matching quizzes found
Score Distribution
Percent of People with Each Score
Percentile by Number Answered
Your Score History
You have not taken this quiz